| 000 | 00390nam a2200121Ia 4500 | ||
|---|---|---|---|
| 008 | 210430s9999 xx 000 0 und d | ||
| 082 | _a662.2 B425 M | ||
| 100 | _aDr. A J Bellamy | ||
| 245 |
_aEOE/EOT Module: Manufacture &Formulation of Explosives New Explosives Materials _cDr. A J Bellamy |
||
| 260 |
_aRoyal Military college of science _bCOPY _c2001 |
||
| 300 | _a25P | ||
| 942 |
_cBK _2ddc |
||
| 999 |
_c562093 _d562093 |
||